|
|
|
|
| LEADER |
01851nam a22003257a 4500 |
| 001 |
41934 |
| 003 |
BD-DhAAL |
| 005 |
20240103163429.0 |
| 008 |
231107b2020 bg ||||| |||| 00| 0 ben d |
| 020 |
|
|
|a 9789849422280
|
| 040 |
|
|
|a BD-DhAAL
|d BD-DhAAL
|
| 082 |
|
|
|a 915.4033
|
| 100 |
|
|
|a ভট্টাচার্য, দীপেন.
|9 55724
|
| 245 |
|
|
|a বঙ্গীয় বদ্বীপের অতীত ও ভবিষ্যৎ /
|c দীপেন ভট্টাচার্য.
|
| 246 |
|
|
|a Bangiyo badwiper atit o bhabishyat
|
| 260 |
|
|
|a ঢাকা :
|b প্রকৃতি-পরিচয় প্রকাশন;
|b ইউনিভার্সিটি প্রেস লিমিটেড,
|c ২০২০.
|
| 300 |
|
|
|a ১০২ পৃষ্ঠা :
|c ১৯ সে. মি.
|
| 490 |
|
|
|a জ্ঞান ও সভ্যতা গ্রন্থমালা-৬
|
| 504 |
|
|
|a গ্রন্থপঞ্জিগত নির্দেশিকা ও নিঘন্ট অন্তভূক্ত
|
| 526 |
|
|
|a ENH
|
| 541 |
|
|
|a Hye Trade International
|e 41934, 41395
|
| 610 |
|
|
|a Brahmasamaja (India)
|x History.
|9 52717
|
| 651 |
|
|
|a Bengal (India)
|x Intellectual life.
|9 52719
|
| 651 |
|
|
|a India (Bengal)
|x Social life and customs.
|9 55768
|
| 651 |
|
|
|a Bangladesh.
|
| 830 |
|
|
|a জ্ঞান ও সভ্যতা গ্রন্থমালা-৬
|9 55767
|
| 942 |
|
|
|2 ddc
|c BK
|
| 999 |
|
|
|c 46235
|d 46235
|
| 952 |
|
|
|0 0
|1 0
|2 ddc
|4 0
|6 915_403300000000000_BHA
|7 0
|9 74775
|a BRACUL
|b BRACUL
|c GEN
|d 2023-10-25
|e Hye Trade International
|g 144.00
|l 1
|o 915.4033 BHA
|p 3010041935
|r 2024-01-14
|s 2024-01-03
|t 2
|v 144.00
|w 2023-10-25
|y BK
|
| 952 |
|
|
|0 0
|1 0
|2 ddc
|4 0
|6 915_403300000000000_BHA
|7 0
|9 74776
|a BRACUL
|b BRACUL
|c GEN
|d 2023-10-25
|e Hye Trade International
|g 144.00
|l 2
|m 3
|o 915.4033 BHA
|p 3010041934
|r 2025-10-21
|s 2025-10-16
|t 1
|v 144.00
|w 2023-10-25
|y BK
|